000 00627cam a22002053a 4500
001 40857
003 PGUSA
005 20140828083919.0
008 120925s2012||||xxu|||||s|||||000 | eng d
040 _aPGUSA
_beng
042 _adc
100 1 _aBates, Katharine Lee,
_d1859-1929
245 1 0 _aFrom Gretna Green to Land's End :
_bA Literary Journey in England.
_h[electronic resource] /
_cKatharine Lee Bates
260 _bProject Gutenberg,
_c2012
506 _aPublic domain in the USA.
516 _aElectronic text
830 0 _aProject Gutenberg
_v40857
856 4 0 _uhttp://www.gutenberg.org/ebooks/40857
942 _cEB
999 _c270109
_d270109